000 01265nam a2200337 a 4500
001
003 DO-SdBPM
005 20251121114700.0
007 ta
008 090729s2019 dr ab 001 0 spa d
020 _a9789945610284
040 _aDO-SdBPM
_bspa
_cBPMSU
_erda
082 _a342.7293
_bB828s 2019
_222
100 1 _aBrea Franco, Julio
_d1948-
_4aut.
_eautor
245 1 3 _aEl sistema constitucional dominicano /
_cJulio Brea Franco ; presentación Milton Ray Guevara
264 _aSanto Domingo :
_b Tribunal Constitucional de la República Dominicana
_c2019
300 _a513 páginas :
_bilustraciones, mapa ;
_c24 cm.
336 _atexto
_btxt
_2rdacontent
337 _asin mediación
_bn
_2rdamedia
338 _avolumen
_bnc
_2rdacarrier
490 0 _aClásicos del derecho constitucional
586 _aPremio Nacional de Didáctica 1983
590 _aInventariado, 2025/VM
651 7 _aRepública Dominicana
_xConstitución
651 7 _aRepública Dominicana
_xHistoria constitucional
651 7 _aRepública Dominicana
_xDerecho constitucional
700 1 _aRay Guevara, Milton
_epresentación
710 2 _a Tribunal Constitucional de la República Dominicana
910 _aVMateo V. Control de calidd. BPMSU
942 _2ddc
_cBK
999 _c15536
_d15536